000 01355nam a2200313 a 4500
001 BRCA_1682
005 20190320203515.0
008 880822s1989 caua---##b---#001-0#eng-#
020 _a0937108073
040 _aDLC
_cDLC
_dDLC
050 4 _aNE553.L3
_b.T68 1989
245 1 0 _aToulouse-Lautrec
_bthe Baldwin M. Baldwin Collection
_ccurator of European Art Nora Desloge ; with essays by Phillip Dennis Cate, Julia Frey.
250 _a2
260 _aSan Diego
_bSan Diego Museum of Art
_c1989
300 _a263 p.
_bil. (algunas a color)
_c29 cm.
500 _aTítulo del lomo : Henri de Toulouse-Lautrec
500 _aCatálogo de la exposición realizada en The San Diego Museum of Art, 15 octubre - 31 diciembre, 1988 y en el Museo Franz Mayer (Ciudad de México), 19 febrero - 12 abril, 1998
504 _aBibliografía: p. 261
600 1 4 _aToulouse-Lautrec, Henri de
_d1864-1901
_xExposiciones
_95251
610 2 4 _aBaldwin M. Foundation
_xColecciones de arte
_95252
610 2 4 _aSan Diego Museum
_vExposiciones
_95253
650 1 4 _aLitografía
_xColecciones privadas
_zCalifornia (Estados Unidos)
_95254
700 1 _aToulouse-Lautrec, Henri de
_d1864-1901
_95255
700 1 _aDesloge, Nora
_95256
700 1 _aCate, Phillip Dennis
_95257
700 1 _aFrey, Julia Bloch
_d1943-
_95258
740 0 _aHenri de Toulouse-Lautrec
942 _2lcc
_cB
999 _c1475
_d1475